Les Titres de Mylène Farmer avec les initiales - Statistiques

Statistiques générales
  • Ce quiz a été pris 62 fois
  • Le résultat moyen est 7 sur 12
Statistiques - réponses
Initiales Titres % Correct
S__ C_____ Sans contrefaçon
87%
C'_ U_ B__ J___ C'est une belle journée
85%
D______ Désenchantée
85%
P___ Q'___ S___ D___ Pourvu qu'elles soient douces
80%
A__ S__ - J_ Ainsi sois-je
73%
L____ Libertine
65%
J_ T'__ M____ Je t'aime mélancolie
62%
C__ J'_ M_ Comme j'ai mal
56%
R____ L_ E___ Rallumer les étoiles
47%
A____ M_ N___ Appelle mon numéro
38%
O_ M__ N_ Oui mais non
38%
S___ C_ Stolen car
24%
Aucun quiz correspondant
Distribution des résultats
% des personnes avec chaque résultat
Percentile par nombre de réponses
Votre historique - résultats
Vous n’avez pas pris ce quiz